[Event "Toronto Reserves"]
[Site "Toronto CAN"]
[Date "2013.06.03"]
[Round "7"]
[White "Nasir, Zehn"]
[Black "Udrea, Chris"]
[Result "1/2-1/2"]
[WhiteElo "2113"]
[BlackElo "1876"]
[PlyCount "70"]
[GameId "2160767909364602"]
[EventDate "2013.04.15"]
[EventType "tourn"]
[EventRounds "7"]
[EventCountry "CAN"]
[SourceTitle "EXT 2022"]
[Source "ChessBase"]
[SourceDate "2021.10.06"]
[SourceVersion "1"]
[SourceVersionDate "2021.10.06"]
[SourceQuality "1"]

1. e4 c6 2. d4 d5 3. Nc3 dxe4 4. Nxe4 Bf5 5. Ng3 Bg6 6. N1e2 Nf6 7. Nf4 Nd5 8. h4 Nxf4 9. Bxf4 h5 10. c3 e6 11. Bd3 Bxd3 12. Qxd3 Bd6 13. Bxd6 Qxd6 14. O-O-O Qf4+ 15. Rd2 Nd7 16. Qe4 Qxe4 17. Nxe4 Ke7 18. c4 Nf6 19. Re1 Nxe4 20. Rxe4 Rhd8 21. Kc2 Rd7 22. g4 hxg4 23. Rxg4 g6 24. Kc3 Rh8 25. Rd3 Rh5 26. Rh3 Rf5 27. f3 e5 28. dxe5 Rxe5 29. Re4 Ke6 30. h5 Rxe4 31. fxe4 gxh5 32. Rxh5 Rd1 33. a4 Re1 34. Kd4 Rd1+ 35. Kc3 Re1 1/2-1/2

[Event "Toronto-ch"]
[Site "Toronto CAN"]
[Date "2013.04.15"]
[Round "1"]
[White "Barron, Michael"]
[Black "Plotkin, Victor"]
[Result "1-0"]
[WhiteElo "2294"]
[BlackElo "2386"]
[PlyCount "123"]
[GameId "2160767909364604"]
[EventDate "2013.04.15"]
[EventType "tourn"]
[EventRounds "7"]
[EventCountry "CAN"]
[SourceTitle "EXT 2022"]
[Source "ChessBase"]
[SourceDate "2021.10.06"]
[SourceVersion "1"]
[SourceVersionDate "2021.10.06"]
[SourceQuality "1"]

1. e4 e5 2. Nf3 Nf6 3. Nxe5 d6 4. Nf3 Nxe4 5. c4 Be7 6. Nc3 Nxc3 7. bxc3 O-O 8. d4 Re8 9. Be3 Nd7 10. Bd3 Nf6 11. h3 d5 12. O-O dxc4 13. Bxc4 Nd5 14. Bd2 Be6 15. Bd3 c6 16. Qb1 h6 17. Qxb7 Qc8 18. Rfb1 Bd6 19. Qxc8 Rexc8 20. Ba6 Rc7 21. c4 Nf6 22. c5 Bf8 23. Bf4 Rd7 24. Bb7 Rxb7 25. Rxb7 Nd5 26. Bb8 a5 27. Ne5 Nb4 28. a3 Nc2 29. Rd1 Nxa3 30. Bd6 Rc8 31. Rc7 Rxc7 32. Bxc7 a4 33. Nxc6 Bb3 34. Re1 Nb5 35. Bf4 a3 36. Bc1 f6 37. Re3 a2 38. Bb2 Bc4 39. Re1 Kf7 40. Nb4 g5 41. Ra1 f5 42. Nxa2 Bg7 43. Nb4 Bxd4 44. Bxd4 Nxd4 45. c6 Ke7 46. c7 Ne2+ 47. Kh2 Kd7 48. Ra5 Be6 49. Rc5 Kc8 50. Nd5 Bxd5 51. Rxd5 f4 52. Rc5 Nd4 53. f3 Ne6 54. Rc6 Nxc7 55. Rxh6 Kd7 56. h4 gxh4 57. Kh3 Nd5 58. Kxh4 Ne3 59. Kh3 Ke7 60. Ra6 Nd5 61. Ra5 Ke6 62. Rxd5 1-0

[Event "Toronto-ch"]
[Site "Toronto CAN"]
[Date "2013.04.15"]
[Round "1"]
[White "Birarov, Vladimir"]
[Black "Tonakanian, Stephan"]
[Result "1-0"]
[WhiteElo "2239"]
[BlackElo "2129"]
[PlyCount "75"]
[GameId "2160767909364605"]
[EventDate "2013.04.15"]
[EventType "tourn"]
[EventRounds "7"]
[EventCountry "CAN"]
[SourceTitle "EXT 2022"]
[Source "ChessBase"]
[SourceDate "2021.10.06"]
[SourceVersion "1"]
[SourceVersionDate "2021.10.06"]
[SourceQuality "1"]

1. d4 Nf6 2. Nf3 e6 3. c4 d5 4. g3 c6 5. Bg2 Be7 6. O-O O-O 7. Qc2 Nbd7 8. Nbd2 b6 9. e4 dxe4 10. Nxe4 Bb7 11. Rd1 Nxe4 12. Qxe4 Nf6 13. Qe2 Qc8 14. Bf4 Re8 15. Bh3 b5 16. b3 a5 17. Rac1 Ba3 18. Rc2 bxc4 19. bxc4 Qd8 20. Ne5 c5 21. dxc5 Qc7 22. c6 Ba6 23. Nd7 Qxc6 24. Nxf6+ gxf6 25. Bg2 Qc5 26. Qg4+ Kh8 27. Bd6 Qxd6 28. Rxd6 Bxd6 29. Bxa8 Rxa8 30. Qf3 Rb8 31. Qxf6+ Kg8 32. Qg5+ Kf8 33. Qxa5 Rb1+ 34. Kg2 Bb7+ 35. f3 Bb4 36. Qd8+ Kg7 37. Qd4+ Kg6 38. Rb2 1-0

[Event "Toronto-ch"]
[Site "Toronto CAN"]
[Date "2013.04.15"]
[Round "1"]
[White "Sapozhnikov, Roman"]
[Black "Humphreys, Michael"]
[Result "0-1"]
[WhiteElo "2388"]
[BlackElo "2286"]
[PlyCount "70"]
[GameId "2160767909364606"]
[EventDate "2013.04.15"]
[EventType "tourn"]
[EventRounds "7"]
[EventCountry "CAN"]
[SourceTitle "EXT 2022"]
[Source "ChessBase"]
[SourceDate "2021.10.06"]
[SourceVersion "1"]
[SourceVersionDate "2021.10.06"]
[SourceQuality "1"]

1. e4 e6 2. d4 d5 3. Nd2 Nf6 4. Bd3 c5 5. e5 Nfd7 6. c3 Nc6 7. Ngf3 Qb6 8. O-O cxd4 9. cxd4 a5 10. Re1 Be7 11. Nb1 Nxd4 12. Nxd4 Qxd4 13. Nc3 Qb6 14. Qg4 Kf8 15. Nb5 Nc5 16. Be3 Bd7 17. a4 Qd8 18. Bf1 Bxb5 19. Bxb5 h5 20. Qh3 Nb3 21. Rad1 Rc8 22. f4 g6 23. Rf1 Bc5 24. g4 Kg8 25. Bxc5 Nxc5 26. f5 hxg4 27. Qxg4 exf5 28. Rxf5 Ne4 29. Qg2 Qb6+ 30. Kf1 Qe6 31. Rf3 Qxe5 32. Rh3 Rxh3 33. Qxh3 Rc2 34. Bd3 Qf4+ 35. Kg1 Rc1 0-1

[Event "Toronto-ch"]
[Site "Toronto CAN"]
[Date "2013.04.15"]
[Round "1"]
[White "Yee, Lorne"]
[Black "Song, Michael"]
[Result "0-1"]
[WhiteElo "2259"]
[BlackElo "2354"]
[PlyCount "76"]
[GameId "2160767909364607"]
[EventDate "2013.04.15"]
[EventType "tourn"]
[EventRounds "7"]
[EventCountry "CAN"]
[SourceTitle "EXT 2022"]
[Source "ChessBase"]
[SourceDate "2021.10.06"]
[SourceVersion "1"]
[SourceVersionDate "2021.10.06"]
[SourceQuality "1"]

1. Nf3 g6 2. d4 Bg7 3. c4 d6 4. Nc3 Nf6 5. e4 O-O 6. h3 c5 7. Be3 cxd4 8. Nxd4 Nc6 9. Qd2 Nxd4 10. Bxd4 Qa5 11. Be2 Nxe4 12. Nxe4 Qxd2+ 13. Kxd2 Bxd4 14. Rab1 f5 15. Nc3 Bxf2 16. Bf3 Rb8 17. Rhd1 Bh4 18. Ke2 Bf6 19. Nd5 Kf7 20. b3 Be5 21. Rbc1 e6 22. Nb4 a5 23. Nd3 Bg3 24. a3 Bd7 25. a4 b6 26. Rc2 Ke7 27. Rcd2 Be8 28. Kf1 g5 29. Nc1 g4 30. Be2 h5 31. Na2 Be5 32. Rc2 Bc6 33. Nc3 Rg8 34. hxg4 hxg4 35. Nd5+ exd5 36. cxd5 Bd7 37. Rc7 Rgc8 38. Ra7 Kd8 0-1

[Event "Toronto-ch"]
[Site "Toronto CAN"]
[Date "2013.04.22"]
[Round "2"]
[White "Birarov, Vladimir"]
[Black "Sapozhnikov, Roman"]
[Result "0-1"]
[WhiteElo "2239"]
[BlackElo "2388"]
[PlyCount "82"]
[GameId "2160767909364608"]
[EventDate "2013.04.15"]
[EventType "tourn"]
[EventRounds "7"]
[EventCountry "CAN"]
[SourceTitle "EXT 2022"]
[Source "ChessBase"]
[SourceDate "2021.10.06"]
[SourceVersion "1"]
[SourceVersionDate "2021.10.06"]
[SourceQuality "1"]

1. Nf3 Nf6 2. c4 g6 3. d4 Bg7 4. g3 O-O 5. Bg2 d6 6. O-O c6 7. Nc3 Qa5 8. e4 e5 9. dxe5 dxe5 10. Qe2 Bg4 11. h3 Bxf3 12. Bxf3 Nbd7 13. Rb1 Rfe8 14. b4 Qc7 15. c5 Nf8 16. Qc4 Ne6 17. Be3 Nd4 18. Bd1 Qd7 19. Kg2 b5 20. cxb6 axb6 21. Rb2 b5 22. Qd3 Red8 23. Qb1 Ne8 24. Rd2 Qe6 25. f4 Nd6 26. f5 gxf5 27. exf5 N4xf5 28. Bg5 Qg6 29. h4 f6 30. g4 fxg5 31. gxf5 Qh6 32. h5 g4 33. Rdf2 Bf6 34. Bxg4 Nc4 35. Ne4 Ne3+ 36. Kh3 Nxf1 37. Qb3+ Kh8 38. Qe6 Rd3+ 39. Rf3 Rxf3+ 40. Bxf3 Rf8 41. Qxc6 Qf4 0-1

[Event "Toronto-ch"]
[Site "Toronto CAN"]
[Date "2013.04.22"]
[Round "2"]
[White "Humphreys, Michael"]
[Black "Barron, Michael"]
[Result "1/2-1/2"]
[WhiteElo "2286"]
[BlackElo "2294"]
[PlyCount "99"]
[GameId "2160767909364609"]
[EventDate "2013.04.15"]
[EventType "tourn"]
[EventRounds "7"]
[EventCountry "CAN"]
[SourceTitle "EXT 2022"]
[Source "ChessBase"]
[SourceDate "2021.10.06"]
[SourceVersion "1"]
[SourceVersionDate "2021.10.06"]
[SourceQuality "1"]

1. d4 f5 2. Bg5 g6 3. Nc3 d5 4. Qd2 Bg7 5. f3 Nc6 6. e3 Nf6 7. Nge2 Be6 8. h3 h6 9. Bf4 Bf7 10. g4 e6 11. Rg1 a6 12. gxf5 exf5 13. Ng3 Qd7 14. Bd3 O-O-O 15. O-O-O Be6 16. h4 Ne8 17. Na4 Bf8 18. Nc5 Bxc5 19. dxc5 Qe7 20. Qc3 Qf6 21. Qxf6 Nxf6 22. Ne2 Bf7 23. Nd4 Nxd4 24. exd4 Nh5 25. Be5 Rhe8 26. c6 Re6 27. cxb7+ Kxb7 28. Kd2 Rde8 29. Rde1 Nf6 30. Bxf6 Rxf6 31. Rxe8 Bxe8 32. Re1 Bb5 33. Re5 Kc6 34. f4 Kd6 35. Bxb5 axb5 36. Kc3 Rf8 37. a3 c6 38. Kd3 Rg8 39. Ke2 Rf8 40. Kf3 h5 41. Ke2 Rb8 42. Re3 Ra8 43. Kd2 Ra4 44. c3 c5 45. Rd3 cxd4 46. Rxd4 Ra8 47. Rd3 Ra4 48. Rd4 Ra8 49. Rd3 Ra4 50. Rd4 1/2-1/2

[Event "Toronto-ch"]
[Site "Toronto CAN"]
[Date "2013.04.22"]
[Round "2"]
[White "Plotkin, Victor"]
[Black "Yee, Lorne"]
[Result "1-0"]
[WhiteElo "2386"]
[BlackElo "2259"]
[PlyCount "87"]
[GameId "2160767909364610"]
[EventDate "2013.04.15"]
[EventType "tourn"]
[EventRounds "7"]
[EventCountry "CAN"]
[SourceTitle "EXT 2022"]
[Source "ChessBase"]
[SourceDate "2021.10.06"]
[SourceVersion "1"]
[SourceVersionDate "2021.10.06"]
[SourceQuality "1"]

1. e4 d6 2. d4 Nf6 3. Nc3 g6 4. f4 Bg7 5. Nf3 c5 6. Bb5+ Bd7 7. e5 Ng4 8. Bxd7+ Qxd7 9. dxc5 dxe5 10. h3 e4 11. Nxe4 Nf6 12. Nxf6+ Bxf6 13. O-O Qc7 14. Be3 Na6 15. Qd5 Rc8 16. Ne5 O-O 17. Nd3 b6 18. cxb6 axb6 19. c3 Rfd8 20. Qe4 Rd6 21. f5 Qd8 22. Nf4 Nc5 23. Qc2 Qd7 24. fxg6 hxg6 25. Rad1 Qc6 26. Rxd6 Qxd6 27. Rd1 Qe5 28. Nd5 Qe6 29. Qf2 Bg7 30. Qf3 Na4 31. Rd2 Be5 32. Bg5 f6 33. Be3 Kf7 34. Nb4 Kg7 35. Qd5 Qf5 36. Qd7 Qb1+ 37. Rd1 Rc7 38. Qxa4 Qe4 39. Re1 g5 40. Qd1 Qg6 41. Qd3 Qh5 42. Bxb6 Rb7 43. Bd4 Bd6 44. Qf3 1-0

[Event "Toronto-ch"]
[Site "Toronto CAN"]
[Date "2013.04.22"]
[Round "2"]
[White "Tonakanian, Stephan"]
[Black "Song, Michael"]
[Result "0-1"]
[WhiteElo "2129"]
[BlackElo "2354"]
[PlyCount "88"]
[GameId "2160767909364611"]
[EventDate "2013.04.15"]
[EventType "tourn"]
[EventRounds "7"]
[EventCountry "CAN"]
[SourceTitle "EXT 2022"]
[Source "ChessBase"]
[SourceDate "2021.10.06"]
[SourceVersion "1"]
[SourceVersionDate "2021.10.06"]
[SourceQuality "1"]

1. d4 Nf6 2. Nf3 g6 3. g3 Bg7 4. Bg2 O-O 5. O-O d6 6. b3 Nc6 7. Bb2 Nd7 8. c4 a6 9. Nc3 Rb8 10. Rc1 e5 11. d5 Ne7 12. e4 Bh6 13. Rc2 f5 14. exf5 gxf5 15. Bc1 Bg7 16. b4 h6 17. Nh4 Qe8 18. f4 Ng6 19. Nxg6 Qxg6 20. Re1 h5 21. c5 e4 22. Nxe4 fxe4 23. Bxe4 Qf6 24. Bb2 Qh6 25. Bxg7 Kxg7 26. cxd6 cxd6 27. Rc7 Kg8 28. Qd3 Qf6 29. Bf3 Qf5 30. Be4 Qf6 31. Bf3 Qf5 32. Qe3 Nf6 33. Qe7 Bd7 34. Be4 Qg4 35. Qxd6 Rbe8 36. Rc4 Bb5 37. Rd4 Nxe4 38. Rdxe4 Rxe4 39. Rxe4 Qd1+ 40. Kf2 Qf1+ 41. Ke3 Qd3+ 42. Kf2 Qxe4 43. Qe6+ Qxe6 44. dxe6 Bc4 0-1

[Event "Toronto-ch"]
[Site "Toronto CAN"]
[Date "2013.04.29"]
[Round "3"]
[White "Barron, Michael"]
[Black "Birarov, Vladimir"]
[Result "1/2-1/2"]
[WhiteElo "2294"]
[BlackElo "2239"]
[PlyCount "81"]
[GameId "2160767909364612"]
[EventDate "2013.04.15"]
[EventType "tourn"]
[EventRounds "7"]
[EventCountry "CAN"]
[SourceTitle "EXT 2022"]
[Source "ChessBase"]
[SourceDate "2021.10.06"]
[SourceVersion "1"]
[SourceVersionDate "2021.10.06"]
[SourceQuality "1"]

1. e4 c5 2. Nf3 Nc6 3. d4 cxd4 4. Nxd4 Nf6 5. Nc3 e5 6. Ndb5 d6 7. Nd5 Nxd5 8. exd5 Nb8 9. c4 Be7 10. Bd3 O-O 11. O-O a6 12. Nc3 f5 13. f4 Nd7 14. Kh1 g6 15. Be3 Bf6 16. Rc1 Re8 17. b4 b6 18. Na4 Bb7 19. c5 bxc5 20. bxc5 Nxc5 21. Nxc5 dxc5 22. d6 Kg7 23. Bc4 exf4 24. Bxc5 Rc8 25. Bd5 Rxc5 26. Rxc5 Qxd6 27. Bc6 Qxc5 28. Bxe8 Bd5 29. Qa4 Be5 30. Qxa6 f3 31. gxf3 Qc2 32. Qa7+ Kf8 33. Qxh7 Qe2 34. Qh3 Kxe8 35. Qg2 Qxg2+ 36. Kxg2 Kd7 37. a4 g5 38. Rd1 Kc6 39. h3 g4 40. hxg4 fxg4 41. Rxd5 1/2-1/2

[Event "Toronto-ch"]
[Site "Toronto CAN"]
[Date "2013.04.29"]
[Round "3"]
[White "Sapozhnikov, Roman"]
[Black "Tonakanian, Stephan"]
[Result "1-0"]
[WhiteElo "2388"]
[BlackElo "2129"]
[PlyCount "55"]
[GameId "2160767909364613"]
[EventDate "2013.04.15"]
[EventType "tourn"]
[EventRounds "7"]
[EventCountry "CAN"]
[SourceTitle "EXT 2022"]
[Source "ChessBase"]
[SourceDate "2021.10.06"]
[SourceVersion "1"]
[SourceVersionDate "2021.10.06"]
[SourceQuality "1"]

1. e4 e6 2. d4 d5 3. Nc3 dxe4 4. Nxe4 Nd7 5. Nf3 Ngf6 6. Nxf6+ Nxf6 7. c3 Be7 8. Bb5+ c6 9. Bd3 b6 10. Ne5 Bb7 11. Qf3 Qd5 12. Qg3 Kf8 13. O-O c5 14. Be3 h5 15. Rfd1 Ng4 16. c4 Qd8 17. dxc5 Nxe5 18. Be4 Qc7 19. Bxb7 Qxb7 20. Qxe5 bxc5 21. Bxc5 h4 22. h3 Rc8 23. Bxe7+ Qxe7 24. Qb5 Rh6 25. Rd7 Qc5 26. Rd8+ Ke7 27. Qd7+ Kf6 28. Rxc8 1-0

[Event "Toronto-ch"]
[Site "Toronto CAN"]
[Date "2013.04.29"]
[Round "3"]
[White "Song, Michael"]
[Black "Plotkin, Victor"]
[Result "1/2-1/2"]
[WhiteElo "2354"]
[BlackElo "2386"]
[PlyCount "74"]
[GameId "2160767909364614"]
[EventDate "2013.04.15"]
[EventType "tourn"]
[EventRounds "7"]
[EventCountry "CAN"]
[SourceTitle "EXT 2022"]
[Source "ChessBase"]
[SourceDate "2021.10.06"]
[SourceVersion "1"]
[SourceVersionDate "2021.10.06"]
[SourceQuality "1"]

1. d4 d5 2. c4 dxc4 3. e4 e5 4. Nf3 exd4 5. Bxc4 Nc6 6. O-O Be6 7. Bb5 Bc5 8. b4 Bb6 9. a4 a6 10. Bxc6+ bxc6 11. a5 Ba7 12. Bb2 Nf6 13. Bxd4 Nxe4 14. Bxa7 Qxd1 15. Rxd1 Rxa7 16. Nd4 Bd5 17. f3 Nf6 18. Nc3 O-O 19. g4 h6 20. h4 Rb7 21. Rab1 Re8 22. Kf2 g6 23. Na4 Reb8 24. Nc2 Nd7 25. Nc3 Ne5 26. Nxd5 cxd5 27. Rxd5 Rb5 28. Rbd1 Nc6 29. Rxb5 Rxb5 30. Rd7 Nxb4 31. Nxb4 Rxb4 32. Rd8+ Kg7 33. Ra8 h5 34. gxh5 gxh5 35. Kg3 Ra4 36. Rxa6 c5 37. Ra8 c4 1/2-1/2

[Event "Toronto-ch"]
[Site "Toronto CAN"]
[Date "2013.06.10"]
[Round "3"]
[White "Yee, Lorne"]
[Black "Humphreys, Michael"]
[Result "0-1"]
[WhiteElo "2259"]
[BlackElo "2286"]
[PlyCount "56"]
[GameId "2160767909364615"]
[EventDate "2013.04.15"]
[EventType "tourn"]
[EventRounds "7"]
[EventCountry "CAN"]
[SourceTitle "EXT 2022"]
[Source "ChessBase"]
[SourceDate "2021.10.06"]
[SourceVersion "1"]
[SourceVersionDate "2021.10.06"]
[SourceQuality "1"]

1. d4 Nf6 2. Bf4 g6 3. e3 Bg7 4. h3 O-O 5. Nf3 c5 6. c3 b6 7. Nbd2 Bb7 8. Bd3 d6 9. Qe2 Nbd7 10. e4 cxd4 11. cxd4 e5 12. dxe5 dxe5 13. Bh2 Nc5 14. Bc2 Ba6 15. Nc4 Rc8 16. b3 Nh5 17. O-O Qe7 18. Rfe1 Ne6 19. Rad1 Nhf4 20. Qf1 Qf6 21. Nfd2 Rfd8 22. g3 Nh5 23. Bd3 Nd4 24. a4 Bh6 25. Rb1 Bxc4 26. Nxc4 Nf3+ 27. Kg2 Nxh2 28. Kxh2 Rxd3 0-1

[Event "Toronto-ch"]
[Site "Toronto CAN"]
[Date "2013.05.06"]
[Round "4"]
[White "Birarov, Vladimir"]
[Black "Yee, Lorne"]
[Result "1-0"]
[WhiteElo "2239"]
[BlackElo "2259"]
[PlyCount "67"]
[GameId "2160767909364616"]
[EventDate "2013.04.15"]
[EventType "tourn"]
[EventRounds "7"]
[EventCountry "CAN"]
[SourceTitle "EXT 2022"]
[Source "ChessBase"]
[SourceDate "2021.10.06"]
[SourceVersion "1"]
[SourceVersionDate "2021.10.06"]
[SourceQuality "1"]

1. Nf3 Nf6 2. g3 c6 3. Bg2 d5 4. O-O Bf5 5. d3 e6 6. Nbd2 Be7 7. Qe1 h6 8. e4 Bh7 9. Qe2 O-O 10. b3 Na6 11. Bb2 Nc5 12. Ne5 Nfd7 13. Nxd7 Nxd7 14. f4 dxe4 15. dxe4 Qc7 16. Kh1 e5 17. Nc4 exf4 18. Rad1 b5 19. Bxg7 bxc4 20. Bxh6 Rfd8 21. gxf4 Bf8 22. Bg5 f6 23. Qxc4+ Kh8 24. Bh4 Bg8 25. Qc3 Bg7 26. e5 fxe5 27. Bxd8 Rxd8 28. Qxc6 Qxc6 29. Bxc6 Nb8 30. Rxd8 Nxc6 31. Rc8 Kh7 32. c4 Nd4 33. f5 Bf6 34. Rg1 1-0

[Event "Toronto-ch"]
[Site "Toronto CAN"]
[Date "2013.05.06"]
[Round "4"]
[White "Humphreys, Michael"]
[Black "Song, Michael"]
[Result "0-1"]
[WhiteElo "2286"]
[BlackElo "2354"]
[PlyCount "68"]
[GameId "2160767909364617"]
[EventDate "2013.04.15"]
[EventType "tourn"]
[EventRounds "7"]
[EventCountry "CAN"]
[SourceTitle "EXT 2022"]
[Source "ChessBase"]
[SourceDate "2021.10.06"]
[SourceVersion "1"]
[SourceVersionDate "2021.10.06"]
[SourceQuality "1"]

1. c4 g6 2. Nc3 Bg7 3. d4 Nf6 4. e4 d6 5. Nf3 O-O 6. h3 e5 7. d5 a5 8. Bg5 h6 9. Be3 Na6 10. Be2 Nd7 11. g4 Ndc5 12. Nd2 c6 13. h4 f5 14. exf5 gxf5 15. g5 hxg5 16. Bxg5 Qb6 17. Rb1 Nb4 18. Be3 Nbd3+ 19. Bxd3 Nxd3+ 20. Ke2 Nc5 21. Rg1 f4 22. Na4 Qd8 23. Bxc5 dxc5 24. Rg5 f3+ 25. Kf1 Rf4 26. Qc2 Bf5 27. Rxf5 Qxh4 28. Ke1 Qh7 29. Nxc5 Rxf5 30. Nxb7 Qh1+ 31. Nf1 Rh5 32. Qg6 Rh6 33. Qg3 Rh3 34. Qg6 Qg2 0-1

[Event "Toronto-ch"]
[Site "Toronto CAN"]
[Date "2013.05.06"]
[Round "4"]
[White "Sapozhnikov, Roman"]
[Black "Barron, Michael"]
[Result "1/2-1/2"]
[WhiteElo "2388"]
[BlackElo "2294"]
[PlyCount "100"]
[GameId "2160767909364618"]
[EventDate "2013.04.15"]
[EventType "tourn"]
[EventRounds "7"]
[EventCountry "CAN"]
[SourceTitle "EXT 2022"]
[Source "ChessBase"]
[SourceDate "2021.10.06"]
[SourceVersion "1"]
[SourceVersionDate "2021.10.06"]
[SourceQuality "1"]

1. e4 e5 2. Nf3 Nc6 3. Bb5 a6 4. Ba4 Nf6 5. O-O Be7 6. d3 b5 7. Bb3 O-O 8. a4 b4 9. a5 d6 10. Nbd2 h6 11. c3 Rb8 12. Re1 Be6 13. Bxe6 fxe6 14. d4 bxc3 15. bxc3 exd4 16. cxd4 d5 17. e5 Nd7 18. Qc2 Nb4 19. Qg6 Kh8 20. Ba3 c5 21. Bxb4 Rxb4 22. Qxe6 Nb8 23. Nf1 cxd4 24. Ng3 Qd7 25. Qxd7 Nxd7 26. e6 Nc5 27. Ne5 Re8 28. Nf5 Bf6 29. Nd7 Nxd7 30. exd7 Rd8 31. Re8+ Kh7 32. Rxd8 Bxd8 33. Rd1 Rb7 34. Nxd4 Rxd7 35. Nc6 Rd6 36. Nxd8 Rxd8 37. Kf1 Kg6 38. Rb1 Kf5 39. Rb6 Rc8 40. Rxa6 Ke4 41. Re6+ Kd3 42. Re1 Kc2 43. Re2+ Kc3 44. Re3+ Kb4 45. a6 Rc5 46. Re7 Ra5 47. a7 Kc3 48. Re3+ Kd2 49. Re2+ Kd3 50. Re3+ Kd2 1/2-1/2

[Event "Toronto-ch"]
[Site "Toronto CAN"]
[Date "2013.05.06"]
[Round "4"]
[White "Tonakanian, Stephan"]
[Black "Plotkin, Victor"]
[Result "0-1"]
[WhiteElo "2129"]
[BlackElo "2386"]
[PlyCount "108"]
[GameId "2160767909364619"]
[EventDate "2013.04.15"]
[EventType "tourn"]
[EventRounds "7"]
[EventCountry "CAN"]
[SourceTitle "EXT 2022"]
[Source "ChessBase"]
[SourceDate "2021.10.06"]
[SourceVersion "1"]
[SourceVersionDate "2021.10.06"]
[SourceQuality "1"]

1. d4 d5 2. c4 e6 3. Nf3 Nf6 4. g3 Be7 5. Bg2 O-O 6. O-O dxc4 7. Qc2 a6 8. Nbd2 b5 9. Ng5 c6 10. a4 Bb7 11. Rd1 Nbd7 12. b3 h6 13. Nge4 Nxe4 14. Nxe4 cxb3 15. Qxb3 Nf6 16. Nc5 Bxc5 17. dxc5 Qe7 18. Rd6 Rfc8 19. Bb2 Ne8 20. Qc3 f6 21. Rad1 Rd8 22. Qd3 Nxd6 23. cxd6 Qd7 24. Ba3 c5 25. Bxb7 Qxb7 26. Bxc5 Rac8 27. Qe3 Kf7 28. axb5 Qxb5 29. Bb6 Rd7 30. Rd3 Qb1+ 31. Kg2 Qc1 32. Qxc1 Rxc1 33. Bc7 Rdxc7 34. d7 Rc8 35. dxc8=Q Rxc8 36. Rd7+ Kf8 37. Ra7 Rc6 38. h4 h5 39. f3 Kg8 40. Kf2 Kh7 41. g4 hxg4 42. fxg4 Kg6 43. h5+ Kh6 44. Kf3 Rc3+ 45. e3 Ra3 46. Re7 e5 47. Ra7 Ra4 48. Kg3 a5 49. Kf3 Ra1 50. Kg3 a4 51. Ra8 Kh7 52. Kf3 a3 53. Ra7 a2 54. Kf2 Rh1 0-1

[Event "Toronto-ch"]
[Site "Toronto CAN"]
[Date "2013.05.13"]
[Round "5"]
[White "Plotkin, Victor"]
[Black "Humphreys, Michael"]
[Result "1-0"]
[WhiteElo "2386"]
[BlackElo "2286"]
[PlyCount "39"]
[GameId "2160767909364620"]
[EventDate "2013.04.15"]
[EventType "tourn"]
[EventRounds "7"]
[EventCountry "CAN"]
[SourceTitle "EXT 2022"]
[Source "ChessBase"]
[SourceDate "2021.10.06"]
[SourceVersion "1"]
[SourceVersionDate "2021.10.06"]
[SourceQuality "1"]

1. e4 c6 2. d4 d5 3. Nd2 dxe4 4. Nxe4 Bf5 5. Ng3 Bg6 6. Nf3 Nd7 7. Bd3 e6 8. Bg5 Ngf6 9. O-O Qc7 10. Re1 Bxd3 11. Qxd3 h6 12. Bd2 Be7 13. c4 O-O 14. Nf5 Bd8 15. Nxh6+ gxh6 16. Bxh6 Re8 17. Ne5 Nf8 18. Re3 Kh8 19. Rg3 Ng6 20. Rxg6 1-0

[Event "Toronto-ch"]
[Site "Toronto CAN"]
[Date "2013.05.13"]
[Round "5"]
[White "Song, Michael"]
[Black "Birarov, Vladimir"]
[Result "1-0"]
[WhiteElo "2354"]
[BlackElo "2239"]
[PlyCount "91"]
[GameId "2160767909364621"]
[EventDate "2013.04.15"]
[EventType "tourn"]
[EventRounds "7"]
[EventCountry "CAN"]
[SourceTitle "EXT 2022"]
[Source "ChessBase"]
[SourceDate "2021.10.06"]
[SourceVersion "1"]
[SourceVersionDate "2021.10.06"]
[SourceQuality "1"]

1. e4 d5 2. exd5 Nf6 3. Nf3 Nxd5 4. d4 g6 5. c4 Nb6 6. Nc3 Bg7 7. h3 c5 8. Be3 cxd4 9. Nxd4 O-O 10. Rc1 Nc6 11. Nxc6 bxc6 12. Be2 Be6 13. b3 Qc7 14. O-O Rfd8 15. Qe1 Qe5 16. Bf3 Rac8 17. Qe2 Bf5 18. Rfd1 h5 19. Rxd8+ Rxd8 20. Bxc6 Rd3 21. Nd1 h4 22. Bf3 Qa5 23. Bg4 Rd8 24. Bxf5 Qxf5 25. Bxb6 axb6 26. Ne3 Qa5 27. Rd1 Ra8 28. a4 e6 29. Qd3 Qb4 30. Nc2 Qc5 31. Qe4 Rf8 32. Qxh4 Qe5 33. Qg3 Qb2 34. Qd3 Bc3 35. Ne3 Bf6 36. Qc2 Qa3 37. Rd3 Be7 38. Qc3 Qc5 39. Qd4 Qxd4 40. Rxd4 Bc5 41. Rd7 f5 42. Nc2 Rc8 43. Nd4 e5 44. Ne6 Rc6 45. Nxc5 bxc5 46. Rb7 1-0

[Event "Toronto-ch"]
[Site "Toronto CAN"]
[Date "2013.05.13"]
[Round "5"]
[White "Yee, Lorne"]
[Black "Sapozhnikov, Roman"]
[Result "0-1"]
[WhiteElo "2259"]
[BlackElo "2388"]
[PlyCount "50"]
[GameId "2160767909364622"]
[EventDate "2013.04.15"]
[EventType "tourn"]
[EventRounds "7"]
[EventCountry "CAN"]
[SourceTitle "EXT 2022"]
[Source "ChessBase"]
[SourceDate "2021.10.06"]
[SourceVersion "1"]
[SourceVersionDate "2021.10.06"]
[SourceQuality "1"]

1. e4 c5 2. c3 Qa5 3. f4 e6 4. Nf3 d5 5. d3 Nc6 6. Be2 Nf6 7. e5 Nd7 8. O-O f6 9. exf6 Nxf6 10. Nbd2 Bd6 11. g3 O-O 12. d4 Qc7 13. Re1 cxd4 14. Nxd4 e5 15. Nxc6 bxc6 16. Nf1 exf4 17. g4 Qb6+ 18. Kg2 Ne4 19. Bf3 Qf2+ 20. Kh1 Ng5 21. Nd2 Nxf3 22. Nxf3 Bxg4 23. Rf1 Bxf3+ 24. Qxf3 Qxf3+ 25. Rxf3 Rae8 0-1

[Event "Toronto-ch"]
[Site "Toronto CAN"]
[Date "2013.06.10"]
[Round "5"]
[White "Barron, Michael"]
[Black "Tonakanian, Stephan"]
[Result "1-0"]
[WhiteElo "2294"]
[BlackElo "2129"]
[PlyCount "87"]
[GameId "2160767909364623"]
[EventDate "2013.04.15"]
[EventType "tourn"]
[EventRounds "7"]
[EventCountry "CAN"]
[SourceTitle "EXT 2022"]
[Source "ChessBase"]
[SourceDate "2021.10.06"]
[SourceVersion "1"]
[SourceVersionDate "2021.10.06"]
[SourceQuality "1"]

1. e4 b6 2. d4 Bb7 3. Nc3 e6 4. f4 d5 5. e5 c5 6. Nf3 Be7 7. Be3 Nh6 8. Bb5+ Nd7 9. Ne2 a6 10. Bxd7+ Qxd7 11. c3 a5 12. Qb3 Qc6 13. h3 Ba6 14. g4 Bd3 15. Ng3 a4 16. Qd1 Qb5 17. Qd2 c4 18. a3 O-O-O 19. Kf2 Ng8 20. Ne1 Be4 21. Nxe4 dxe4 22. Qc2 Qa6 23. Ng2 f6 24. Raf1 Rd7 25. Ke2 f5 26. gxf5 exf5 27. Bf2 b5 28. Ne3 Qg6 29. Kd1 Bc5 30. Qe2 Bxd4 31. cxd4 Rxd4+ 32. Kc1 Ne7 33. Nc2 Rd3 34. Nb4 Rb3 35. Rd1 Rd8 36. Rxd8+ Kxd8 37. Rd1+ Ke8 38. Qd2 c3 39. Qd7+ Kf7 40. Bc5 Qe6 41. Bxe7 Qxe7 42. e6+ Kf8 43. Qc8+ Qe8 44. Rd8 1-0